[Event "7th Paleochora Open 2014"]
[Site "Paleochora GRE"]
[Date "2014.07.26"]
[Round "7.28"]
[White "Chetrari, Nikita"]
[Black "Tzouganakis, Panteleimon"]
[Result "1/2-1/2"]
[WhiteElo "1907"]
[BlackElo "2185"]
[WhiteFideId "13904647"]
[BlackFideId "4215826"]
[EventDate "2014.07.21"]

1. e4 c5 2. Nf3 d6 3. d4 cxd4 4. Nxd4 Nf6 5. Nc3 a6 6. f3 e6 7. Be3 b5 8. Qd2
Nbd7 9. g4 h6 10. O-O-O Bb7 11. a3 Nb6 12. Nb3 Nc4 13. Bxc4 bxc4 14. Nd4 Qa5 15.
h4 g6 16. Kb1 Nd7 17. Nde2 Rc8 18. Bd4 e5 19. Be3 Qc7 20. h5 g5 21. Ng3 Nf6 22.
Nf5 Rd8 23. Qf2 Qc6 24. Bb6 Rb8 25. Nd5 Nxd5 26. exd5 Qb5 27. Bc7 Bxd5 28. Bxb8
c3 29. b4 Qa4 30. Rd3 Qxa3 31. Rxc3 Qxb4+ 32. Rb3 Bxb3 33. cxb3 Qxb8 34. Qc2 Qb7
35. Rc1 Kd8 36. Qc4 Be7 37. Qxf7 d5 38. Nxe7 Qxb3+ 39. Ka1 Qa3+ 40. Kb1 Qb3+ 41.
Ka1 1/2-1/2

[Event "7th Paleochora Open 2014"]
[Site "Paleochora GRE"]
[Date "2014.07.26"]
[Round "7.29"]
[White "Liodakis, Konstantinos-Spyros"]
[Black "Reginato, Dario"]
[Result "1-0"]
[WhiteElo "2177"]
[BlackElo "1746"]
[WhiteFideId "4217136"]
[BlackFideId "892300"]
[EventDate "2014.07.21"]

1. Nf3 d5 2. g3 c6 3. Bg2 Bg4 4. O-O Nd7 5. d4 e6 6. Nbd2 Ngf6 7. c4 Be7 8. Re1
O-O 9. h3 Bh5 10. b3 Qc7 11. Bb2 Rfe8 12. e4 dxe4 13. Nxe4 Nxe4 14. Rxe4 Nf6 15.
Re3 Rad8 16. Qe1 a6 17. Rd1 b5 18. g4 Bg6 19. Ne5 c5 20. d5 exd5 21. Nxg6 hxg6
22. Bxf6 gxf6 23. Bxd5 Kf8 24. Qc3 b4 25. Qb2 Qf4 26. Rf3 Qg5 27. Re1 Kg7 28.
Rfe3 Rh8 29. Rxe7 Rxh3 30. Rxf7+ Kh6 31. Qc1 1-0

[Event "7th Paleochora Open 2014"]
[Site "Paleochora GRE"]
[Date "2014.07.26"]
[Round "7.30"]
[White "Koutsogiannopoulou, Theodora"]
[Black "Naoum, Spyridon"]
[Result "0-1"]
[WhiteElo "1855"]
[BlackElo "2162"]
[WhiteFideId "4215265"]
[BlackFideId "4227506"]
[EventDate "2014.07.21"]

1. d4 Nf6 2. c4 c6 3. Nf3 d5 4. cxd5 cxd5 5. Nc3 Nc6 6. a3 Bf5 7. Bf4 a6 8. e3
e6 9. Rc1 Be7 10. Be2 O-O 11. O-O Rc8 12. Ne5 Nxe5 13. Bxe5 Nd7 14. Bg3 b5 15.
Bg4 Bxg4 16. Qxg4 Nb6 17. Be5 Bf6 18. Bxf6 Qxf6 19. Qe2 Nc4 20. Rc2 Qe7 21. Rfc1
Rc7 22. b3 Nb6 23. Nb1 Rfc8 24. Rxc7 Rxc7 25. Rxc7 Qxc7 26. Qd2 Nc8 27. Qc3 Qxc3
28. Nxc3 Kf8 29. Kf1 Ke7 30. Ke2 Kd6 31. Kd3 Kc6 32. Ne2 Nd6 33. Nc3 Nf5 34. Ne2
Nh4 35. g3 Nf3 36. h4 Nh2 37. Nf4 Ng4 38. Ke2 Nf6 39. f3 Nd7 40. Nh5 g6 41. Nf4
a5 42. Nd3 f6 43. Nf4 Kd6 44. Kd3 e5 45. Ne2 f5 46. e4 exd4 47. Kxd4 Ne5 48.
exd5 Nxf3+ 49. Ke3 Ne1 50. Kd2 Nf3+ 51. Ke3 Ne5 52. Kd4 Nf3+ 53. Ke3 Nh2 54. Kd4
Nf1 55. Nc3 b4 56. axb4 axb4 57. Ne2 Nd2 58. Nc1 h6 59. Nd3 Nxb3+ 60. Kc4 Nd2+
61. Kxb4 Ne4 62. Kc4 Nxg3 63. Nf4 g5 64. hxg5 hxg5 65. Ne6 g4 66. Nf4 Ne4 67.
Ne2 Ke5 68. Nd4 f4 69. Nc2 g3 70. Ne1 Nd6+ 71. Kc5 Nf7 72. Kc6 Ke4 73. d6 Nxd6
74. Kxd6 f3 0-1

[Event "7th Paleochora Open 2014"]
[Site "Paleochora GRE"]
[Date "2014.07.27"]
[Round "8.1"]
[White "Delchev, Aleksander"]
[Black "Prasanna, Raghuram Rao"]
[Result "1/2-1/2"]
[WhiteTitle "GM"]
[BlackTitle "IM"]
[WhiteElo "2644"]
[BlackElo "2455"]
[WhiteFideId "2900394"]
[BlackFideId "5022401"]
[EventDate "2014.07.21"]

1. e4 e5 2. Nf3 Nc6 3. Nc3 Nf6 4. Bb5 Bd6 5. a3 a6 6. Ba4 h6 7. d3 b5 8. Bb3 Bc5
9. Nd5 O-O 10. O-O d6 11. Nxf6+ Qxf6 12. Bd5 Bd7 13. Be3 Rab8 14. Bxc5 dxc5 15.
Qd2 Nd4 16. Nxd4 cxd4 17. f4 Be6 18. fxe5 Qxe5 19. Rf3 Rbd8 20. Bxe6 fxe6 1/2-1/2

[Event "7th Paleochora Open 2014"]
[Site "Paleochora GRE"]
[Date "2014.07.27"]
[Round "8.2"]
[White "Rychagov, Andrey"]
[Black "Gupta, Abhijeet"]
[Result "1-0"]
[WhiteTitle "GM"]
[BlackTitle "GM"]
[WhiteElo "2543"]
[BlackElo "2634"]
[WhiteFideId "4119932"]
[BlackFideId "5010608"]
[EventDate "2014.07.21"]

1. d4 Nf6 2. c4 c5 3. d5 e6 4. Nc3 exd5 5. cxd5 d6 6. Nf3 g6 7. Nd2 Bg7 8. e4
O-O 9. Be2 Na6 10. O-O Nc7 11. a4 Nfe8 12. Nc4 f5 13. Bf3 b6 14. exf5 Ba6 15.
Qb3 Rxf5 16. Bg4 Qh4 17. h3 Bd4 18. Ne4 Qe7 19. Bxf5 gxf5 20. Ng3 Qf7 21. Be3
Bg7 22. Bd2 Qxd5 23. Rac1 Ne6 24. Rfe1 Nd4 25. Qd3 Qf7 26. Ne2 Rc8 27. Nf4 d5
28. Ne5 Bxd3 29. Nxf7 Nb3 30. Ng5 Nxc1 31. Bxc1 Bc4 32. Nf3 Nd6 33. Re7 Re8 34.
Rd7 Nf7 35. Nxd5 Kf8 36. Ne3 Be2 37. Rxa7 Bh6 38. Bd2 Bxf3 39. gxf3 Rd8 40. Bc3
Bxe3 41. fxe3 Rd6 42. Kf2 Re6 43. a5 b5 44. b4 cxb4 45. Bxb4+ Ke8 46. a6 Ne5 47.
Re7+ Rxe7 48. Bxe7 1-0

[Event "7th Paleochora Open 2014"]
[Site "Paleochora GRE"]
[Date "2014.07.27"]
[Round "8.3"]
[White "Mirzoev, Azer"]
[Black "Lekic, Dusan"]
[Result "1-0"]
[WhiteTitle "GM"]
[BlackTitle "IM"]
[WhiteElo "2554"]
[BlackElo "2433"]
[WhiteFideId "13400304"]
[BlackFideId "905330"]
[EventDate "2014.07.21"]

1. d4 d5 2. c4 c6 3. Nf3 Nf6 4. Nc3 e6 5. e3 Nbd7 6. b3 Bb4 7. Bd2 O-O 8. Bd3
Qe7 9. Ne2 e5 10. dxe5 Nxe5 11. Nxe5 Bxd2+ 12. Qxd2 Qxe5 13. O-O dxc4 14. Bxc4
Bg4 15. h3 Rad8 16. Qb4 Bxe2 17. Bxe2 Rd7 18. Bf3 Rfd8 19. Rab1 g6 20. Rfc1 h5
21. a3 Qf5 22. Rb2 Kg7 23. Rbc2 Re8 24. Rc4 a5 25. Qc3 Rd3 26. Qc2 Qd7 27. Rc5
a4 28. bxa4 Rxa3 29. Rb1 Re7 30. Ra5 Qd6 31. Qb2 b5 32. Rd1 Rd3 33. Rxd3 Qxd3
34. axb5 cxb5 35. g4 hxg4 36. hxg4 g5 37. Rxb5 Kg6 38. Be2 Qe4 39. Qc3 Rd7 40.
Rb6 Qe7 41. Bf3 Rd6 42. Rb5 Nd7 43. Kg2 Re6 44. Rb7 Qd6 45. Qc2+ Kg7 46. Qf5 Ne5
47. Be4 Rg6 48. Rb5 1-0

[Event "7th Paleochora Open 2014"]
[Site "Paleochora GRE"]
[Date "2014.07.27"]
[Round "8.4"]
[White "Kharitonov, Alexandr"]
[Black "Werle, Jan"]
[Result "1-0"]
[WhiteTitle "GM"]
[BlackTitle "GM"]
[WhiteElo "2554"]
[BlackElo "2511"]
[WhiteFideId "4135202"]
[BlackFideId "1006088"]
[EventDate "2014.07.21"]

1. d4 Nf6 2. c4 e6 3. Nc3 c5 4. d5 exd5 5. cxd5 d6 6. e4 g6 7. h3 Bg7 8. Nf3 O-O
9. Bd3 b5 10. Nxb5 Re8 11. O-O Nxe4 12. Re1 a6 13. Nc3 Nxc3 14. Rxe8+ Qxe8 15.
bxc3 Bxc3 16. Rb1 Nd7 17. Qa4 Qd8 18. Bf4 Ne5 19. Bxe5 Bxe5 20. Nxe5 dxe5 21.
Qc6 Bd7 22. Qxc5 Bb5 23. Bxb5 axb5 24. a3 Qa5 25. d6 Qd2 26. Rxb5 Rd8 27. Rb6 e4
28. Kh2 h5 29. h4 Kh7 30. a4 Ra8 31. Rb7 Qf4+ 32. g3 Qf3 33. Qe3 Qxe3 34. fxe3
Kg7 35. d7 Kf6 36. Ra7 Rb8 37. g4 hxg4 38. Kg3 Ke7 39. Kxg4 Kd8 40. Kf4 Rb4 41.
a5 f6 42. a6 Ra4 43. Ra8+ Kxd7 44. a7 Kc7 45. Rf8 Rxa7 46. Rxf6 Ra4 47. Rxg6 Kd7
48. Rg5 Ke6 49. Re5+ Kf6 50. Rxe4 Ra1 51. Rb4 Rh1 52. Rb6+ Kf7 53. Kg3 Rg1+ 54.
Kf3 Rh1 55. Rb4 Kf6 56. Rf4+ Ke5 57. Kg2 Re1 58. Rf3 Re2+ 59. Kg3 Ra2 60. Kg4
Ra8 61. h5 Ke4 62. Rf6 Kxe3 63. h6 Ra1 64. Rf3+ Ke4 65. h7 1-0

[Event "7th Paleochora Open 2014"]
[Site "Paleochora GRE"]
[Date "2014.07.27"]
[Round "8.5"]
[White "Petrov, Marijan"]
[Black "David, Alberto"]
[Result "0-1"]
[WhiteTitle "GM"]
[BlackTitle "GM"]
[WhiteElo "2438"]
[BlackElo "2553"]
[WhiteFideId "2901773"]
[BlackFideId "4000013"]
[EventDate "2014.07.21"]

1. e4 c5 2. Nf3 e6 3. d4 cxd4 4. Nxd4 Nf6 5. Nc3 d6 6. f4 a6 7. Bd3 Nbd7 8. Qf3
Qc7 9. O-O b5 10. a3 Bb7 11. Bd2 Rc8 12. Kh1 Nc5 13. b4 Nxd3 14. cxd3 Be7 15.
Rac1 Qd8 16. Nb3 O-O 17. Qf2 Qd7 18. h3 Ba8 19. Be3 Nh5 20. Kh2 f5 21. exf5 exf5
22. Bd4 Qe6 23. Rfe1 Qf7 24. Nd2 Bd8 25. Re2 Bf6 26. Rc2 Qg6 27. Nb3 Qh6 28.
Bxf6 Nxf6 29. Qd4 Rce8 30. Rxe8 Rxe8 31. Re2 Rxe2 32. Nxe2 Qh4 33. Ng1 Ng4+ 34.
Kh1 Qg3 0-1

[Event "7th Paleochora Open 2014"]
[Site "Paleochora GRE"]
[Date "2014.07.27"]
[Round "8.6"]
[White "Gavrilov, Alexei1"]
[Black "Zinchenko, Yaroslav"]
[Result "0-1"]
[WhiteTitle "GM"]
[BlackTitle "GM"]
[WhiteElo "2494"]
[BlackElo "2532"]
[WhiteFideId "4104358"]
[BlackFideId "14110547"]
[EventDate "2014.07.21"]

1. d4 Nf6 2. c4 g6 3. Nc3 d5 4. cxd5 Nxd5 5. Bd2 Nb6 6. Nf3 Bg7 7. Bg5 c5 8.
dxc5 Bxc3+ 9. bxc3 Qxd1+ 10. Rxd1 Na4 11. Nd4 Nxc3 12. Rc1 Nxa2 13. Rc4 Bd7 14.
g3 Nc6 15. Bg2 Na5 16. Rc2 Nb4 17. Rb2 Nbc6 18. Nb5 Rc8 19. O-O f6 20. Bh6 a6
21. Na3 Kf7 22. Be3 Be6 23. Rfb1 Rhd8 24. h4 Bd5 25. f3 Be6 26. Kf2 Nd4 27. Rd1
Nf5 28. Rxd8 Rxd8 29. Bf4 Nb3 30. Nc2 Nxc5 31. Ne3 Nd4 32. Bc7 Rd7 33. Bb6 Ndb3
34. Rc2 Na4 35. Ba7 b5 36. Bb8 Nd4 37. Rc1 b4 38. f4 b3 39. Nd1 Bf5 40. e4 Bg4
41. Ne3 b2 42. Rb1 Be6 43. Nd5 Rb7 44. Ke3 Nc2+ 45. Kd2 Na3 0-1

[Event "7th Paleochora Open 2014"]
[Site "Paleochora GRE"]
[Date "2014.07.27"]
[Round "8.7"]
[White "Borovikov, Vladislav"]
[Black "Rombaldoni, Axel"]
[Result "1/2-1/2"]
[WhiteTitle "GM"]
[BlackTitle "GM"]
[WhiteElo "2556"]
[BlackElo "2505"]
[WhiteFideId "14102811"]
[BlackFideId "815837"]
[EventDate "2014.07.21"]

1. d4 e6 2. c4 Bb4+ 3. Nd2 Nf6 4. a3 Be7 5. e4 d6 6. Ngf3 O-O 7. Bd3 Nbd7 8. b3
c5 9. Bb2 cxd4 10. Nxd4 a6 11. O-O Qc7 12. Qe2 Re8 13. N4f3 Nh5 14. g3 e5 15. b4
g6 16. Rfc1 b6 17. Nf1 Bf8 18. Ne3 Qd8 19. Bc2 Bb7 20. Nd5 Bc6 21. Rd1 Qb8 22.
Nc3 Nhf6 23. Bb3 Ra7 24. Re1 Rc8 25. Rad1 Be7 26. Ng5 Ne8 27. Bc1 Bf6 28. Nd5
Bd8 29. h4 Ndf6 30. Nc3 Re7 31. Nf3 Ra7 32. Nh2 Bd7 33. Qf3 Be6 34. Nd5 h5 35.
Bg5 Nxd5 36. cxd5 Bd7 37. Bxd8 Rxd8 38. Qe3 Rc8 39. Rc1 Rac7 40. Nf3 Nf6 41. Ng5
Ng4 42. Qd2 b5 43. Kg2 Qb6 44. Rxc7 Qxc7 45. f3 Nf6 46. Kf2 Qb6+ 47. Qe3 Qxe3+
48. Rxe3 Kf8 49. Ke1 Rc1+ 50. Bd1 Ke7 51. Kd2 Ra1 52. Rc3 Ne8 53. f4 Bg4 54.
Bxg4 hxg4 55. f5 Ra2+ 56. Ke1 Ra1+ 57. Kf2 Ra2+ 58. Kg1 Ra1+ 1/2-1/2

[Event "7th Paleochora Open 2014"]
[Site "Paleochora GRE"]
[Date "2014.07.27"]
[Round "8.8"]
[White "Zubarev, Alexander1"]
[Black "Malikentzos, Sotirios"]
[Result "1-0"]
[WhiteTitle "GM"]
[BlackTitle "FM"]
[WhiteElo "2583"]
[BlackElo "2352"]
[WhiteFideId "14104385"]
[BlackFideId "4215079"]
[EventDate "2014.07.21"]

1. Nf3 d5 2. c4 e6 3. g3 Nf6 4. Bg2 dxc4 5. Qa4+ Nbd7 6. Qxc4 a6 7. a4 b5 8. Qc2
Bb7 9. axb5 axb5 10. Rxa8 Bxa8 11. O-O c5 12. d3 Bd6 13. Na3 Qb8 14. Qb3 Bc6 15.
Nd2 Bxg2 16. Kxg2 b4 17. Nac4 O-O 18. f4 Nb6 19. Nxb6 Qxb6 20. Nc4 Qb7+ 21. e4
Be7 22. Be3 Nd7 23. Ra1 Ra8 24. Rc1 g6 25. Kf2 Ra6 26. Nd2 Qa8 27. h3 Ra1 28.
Qd1 Rxc1 29. Qxc1 Qa6 30. Ke2 Qa2 31. Nc4 Nb8 32. Qh1 Qa8 33. Qf3 Na6 34. g4 Nc7
35. g5 Qa2 36. Qh1 Nb5 37. Qc1 Bf8 38. Kf3 Qb3 39. Ke2 Qa2 40. Nd2 e5 41. fxe5
Qe6 42. Qc4 Nc7 43. Qxe6 Nxe6 44. Nf3 Be7 45. Kd2 Kf8 46. Kc2 Ke8 47. Kb3 Kd7
48. Kc4 Kc6 49. h4 Bf8 50. b3 Kd7 51. d4 cxd4 52. Nxd4 Nxd4 53. Bxd4 h6 54. Bc5
Bg7 55. Kd5 1-0

[Event "7th Paleochora Open 2014"]
[Site "Paleochora GRE"]
[Date "2014.07.27"]
[Round "8.9"]
[White "Pap, Misa"]
[Black "Theodorou, Nikolas"]
[Result "0-1"]
[WhiteTitle "GM"]
[WhiteElo "2514"]
[BlackElo "2257"]
[WhiteFideId "921610"]
[BlackFideId "4262875"]
[EventDate "2014.07.21"]

1. e4 e5 2. Nf3 Nc6 3. Nc3 Nf6 4. Bb5 Bb4 5. O-O O-O 6. d3 d6 7. Bg5 Bxc3 8.
bxc3 Qe7 9. Re1 Nd8 10. d4 Ne6 11. Bd2 Rd8 12. Bd3 Nf8 13. Nh4 c5 14. Qf3 g6 15.
Bg5 Kg7 16. dxe5 dxe5 17. Qe3 Ne6 18. Bh6+ Kh8 19. Bg5 Nxg5 20. Qxg5 Nd5 21. Qh6
Nf4 22. Bf1 g5 23. Nf5 Bxf5 24. exf5 Rd6 25. f6 Rxf6 26. Qxg5 Nh3+ 27. gxh3 Rg8
28. Qg3 Rf3 29. c4 e4 30. Bg2 Rfxg3 31. hxg3 f5 32. Rad1 Qe6 33. Rd5 h5 34. h4
b6 35. Kh2 Qg6 36. Bh3 Rf8 37. Red1 Qe6 38. R1d2 Rf7 39. Bf1 f4 40. Rxh5+ Kg7
41. Rg5+ Kf8 42. Bh3 Qf6 43. Rf5 Qc3 44. Rd8+ Kg7 45. Rg5+ Kf6 46. Re8 fxg3+ 47.
Rxg3 Qxc4 48. h5 Rg7 49. h6 Rxg3 50. Kxg3 Qc3+ 51. Kh2 Qd2 52. Kg3 Qc3+ 53. Kh2
Kf7 54. Rxe4 Qf3 55. Bg2 Qh5+ 56. Kg3 Qxh6 57. Rf4+ Ke7 58. Re4+ Kf6 59. c4 Qg5+
60. Kf3 Qd2 61. a4 Qd1+ 62. Kf4 Qxa4 63. Bh3 Qc2 64. f3 Qh2+ 65. Kg4 Qg1+ 0-1

[Event "7th Paleochora Open 2014"]
[Site "Paleochora GRE"]
[Date "2014.07.27"]
[Round "8.10"]
[White "Jens, Jelmer"]
[Black "Pakleza, Zbigniew"]
[Result "1/2-1/2"]
[WhiteTitle "IM"]
[BlackTitle "IM"]
[WhiteElo "2394"]
[BlackElo "2487"]
[WhiteFideId "1007394"]
[BlackFideId "1119290"]
[EventDate "2014.07.21"]

1. e4 d6 2. d4 Nf6 3. Nc3 e5 4. Nge2 Be7 5. g3 c6 6. Bg2 b5 7. a3 Bb7 8. h3 a5
9. g4 b4 10. axb4 axb4 11. Rxa8 Bxa8 12. Na4 O-O 13. Ng3 Re8 14. O-O Bf8 15. b3
Bb7 16. f4 Ba6 17. Re1 g6 18. Be3 Bb5 19. Qd2 Na6 20. Ra1 Nc7 21. c4 bxc3 22.
Nxc3 Ne6 23. Nxb5 cxb5 24. Rd1 Qb8 25. g5 Nd7 26. Ne2 exf4 27. Bxf4 Nxf4 28.
Nxf4 Bg7 29. Nd5 Qd8 30. Qf4 Nb6 31. Nf6+ Bxf6 32. gxf6 Re6 33. Qg5 Qxf6 34.
Qxb5 d5 35. e5 Qg5 36. Kh1 Kg7 37. Bxd5 Qh5 38. Rd3 Nxd5 39. Qxd5 Ra6 40. Rf3
Ra7 41. Qc6 Ra1+ 1/2-1/2

[Event "7th Paleochora Open 2014"]
[Site "Paleochora GRE"]
[Date "2014.07.27"]
[Round "8.11"]
[White "Milosevic, Goran"]
[Black "Stopa, Jacek"]
[Result "0-1"]
[WhiteTitle "IM"]
[BlackTitle "IM"]
[WhiteElo "2364"]
[BlackElo "2482"]
[WhiteFideId "1304119"]
[BlackFideId "1119591"]
[EventDate "2014.07.21"]

1. e4 c6 2. d4 d5 3. Nc3 dxe4 4. Nxe4 Nf6 5. Nxf6+ gxf6 6. Nf3 Bf5 7. c4 Nd7 8.
Bd2 Qc7 9. Be2 Rg8 10. O-O Be4 11. Re1 O-O-O 12. Rc1 e5 13. d5 Kb8 14. b4 cxd5
15. cxd5 Qd6 16. Be3 Nb6 17. Bc5 Qxd5 18. Bxb6 axb6 19. Qa4 Bxf3 20. Red1 Rxg2+
21. Kf1 Bxe2+ 22. Kxe2 Qe4+ 23. Kf1 Bd6 24. Rxd6 Rdg8 0-1

[Event "7th Paleochora Open 2014"]
[Site "Paleochora GRE"]
[Date "2014.07.27"]
[Round "8.12"]
[White "Kourkoulos-Arditis, Stamatis"]
[Black "Antic, Dejan"]
[Result "1/2-1/2"]
[WhiteTitle "FM"]
[BlackTitle "GM"]
[WhiteElo "2330"]
[BlackElo "2479"]
[WhiteFideId "4221990"]
[BlackFideId "901008"]
[EventDate "2014.07.21"]

1. e4 e6 2. d4 d5 3. Nc3 dxe4 4. Nxe4 Nd7 5. Nf3 Ngf6 6. Nxf6+ Nxf6 7. Bg5 h6 8.
Bh4 c5 9. Bc4 a6 10. Qe2 b5 11. Bd3 g5 12. Bg3 c4 13. Be4 Nxe4 14. Qxe4 Qd5 15.
Qxd5 exd5 16. h4 g4 17. Ne5 h5 18. O-O Bg7 19. a4 bxa4 20. Rxa4 O-O 21. Ra5 Be6
22. Nc6 Rfe8 23. Rfa1 Bf8 24. Rxa6 Rxa6 25. Rxa6 Bf5 26. Ra5 f6 27. c3 Re2 28.
Ra8 Kf7 29. Ra7+ Kg6 30. Rb7 Re6 31. Nb8 Re2 32. Rb5 Bh6 33. Rxd5 Rxb2 34. Rc5
Be4 35. d5 Be3 36. Rxc4 Bxd5 37. Rb4 Rc2 38. c4 Ba8 39. Nd7 Bc6 40. Nb8 Ba8 41.
Na6 f5 42. c5 f4 43. Rxf4 Bxf4 44. Bxf4 Bb7 45. Nc7 Rxc5 46. Ne6 Rc6 47. Ng5 Kf5
48. Bg3 Rc1+ 49. Kh2 Bd5 50. Bb8 Rb1 51. Bd6 Rc1 52. Bb8 Rf1 53. Ba7 Bg8 54. Bc5
Rd1 55. Bb6 Rd3 56. Bc7 Rb3 57. Bd6 Bd5 58. Kg1 Rc3 59. Bb8 Rc1+ 60. Kh2 Rf1 61.
Ba7 Ke5 62. Bb6 Rb1 63. Bc7+ Kd4 64. Bf4 Kd3 65. Nh7 Rb6 66. Bg5 Ke2 67. Nf6 Bb7
68. Kg3 Rb3+ 69. Be3 Rb5 70. Bg5 Kf1 71. Nxh5 Bxg2 72. Nf6 Rf5 73. Kxg4 Rxf2 74.
Kh5 Bh3 75. Kg6 Bf5+ 76. Kf7 Rb2 77. Nd5 Rb7+ 78. Kf6 Bb1 79. h5 Kf2 80. h6 Kf3
81. Bc1 Kg4 82. Be3 Be4 83. Ke5 Kf3 84. Bc5 Rb5 85. Kd4 Rb8 86. Nf6 Bg6 87. Ba3
Rc8 88. Ke5 Ra8 89. Bc1 Ra7 90. Nd5 Rb7 91. Kf6 Be4 92. Ne7 Kg4 93. Ba3 Kh5 94.
Kg7 Rb1 95. Bc5 Rb3 96. Ng8 Rg3+ 97. Kf8 Bh7 98. Nf6+ Kxh6 99. Nxh7 Kxh7 100.
Ke7 Rd3 101. Ke6 Kg6 102. Ke5 Rb3 103. Bd4 Kf7 104. Kd5 Ke7 105. Kc4 Rg3 106.
Kd5 Kd7 107. Ke4 Ke6 108. Be3 Rg4+ 109. Kd3 Kd5 110. Bf2 Re4 111. Be3 Ra4 112.
Bc1 Ra1 113. Be3 Ra3+ 114. Ke2 Ke4 115. Bd2 Ra2 116. Ke1 Kf3 117. Bc1 Ra1 118.
Kd1 Ke4 119. Kc2 Ra8 120. Bb2 Ke3 121. Bc1+ Ke2 122. Bb2 Rc8+ 123. Bc3 Rc7 124.
Kb3 Kd3 125. Be1 Rc1 126. Bf2 Rc4 127. Be1 Re4 128. Bf2 Rf4 129. Bc5 Rf1 130.
Kb4 Rb1+ 131. Ka5 Kc4 132. Be3 1/2-1/2

[Event "7th Paleochora Open 2014"]
[Site "Paleochora GRE"]
[Date "2014.07.27"]
[Round "8.13"]
[White "Markidis, Konstantinos"]
[Black "Skembris, Spyridon"]
[Result "1/2-1/2"]
[BlackTitle "GM"]
[WhiteElo "2314"]
[BlackElo "2473"]
[WhiteFideId "4203500"]
[BlackFideId "4200020"]
[EventDate "2014.07.21"]

1. e4 c5 2. Nf3 g6 3. c3 Nf6 4. e5 Nd5 5. Bc4 Nb6 6. Bb3 c4 7. Bc2 Bg7 8. b3 Nc6
9. Qe2 Qc7 10. bxc4 Nxe5 11. Nxe5 Qxe5 12. Qxe5 Bxe5 13. c5 Nd5 14. Be4 e6 15.
d4 Bc7 16. O-O O-O 17. Bh6 Re8 18. Re1 Nf6 19. Bf3 Rb8 20. Bg5 Kg7 21. Na3 b5
22. Rab1 a6 23. Rb3 Bb7 24. Bxf6+ Kxf6 25. Bxb7 Rxb7 26. c4 Ra8 27. g3 Bd8 28.
cxb5 axb5 29. Nxb5 Kg7 30. a3 g5 31. h3 h5 32. g4 hxg4 33. hxg4 Ra4 34. Reb1 e5
35. Nd6 Rxb3 36. Rxb3 exd4 37. Rb8 Ba5 38. Rb3 Kg6 39. Kf1 d3 40. Rxd3 Rxg4 41.
f3 Ra4 42. Ke2 g4 43. fxg4 Rxg4 44. Nb7 Ra4 45. Rd6+ Kf5 46. Rxd7 Rxa3 47. Rxf7+
Ke6 48. Rh7 Kd5 1/2-1/2

[Event "7th Paleochora Open 2014"]
[Site "Paleochora GRE"]
[Date "2014.07.27"]
[Round "8.14"]
[White "Kapnisis, Spyridon"]
[Black "Kang, Chuanqi"]
[Result "1-0"]
[WhiteTitle "GM"]
[BlackTitle "FM"]
[WhiteElo "2455"]
[BlackElo "2327"]
[WhiteFideId "4203445"]
[BlackFideId "8601453"]
[EventDate "2014.07.21"]

1. e4 c5 2. Nf3 d6 3. d4 cxd4 4. Nxd4 Nf6 5. Nc3 a6 6. Bg5 e6 7. f4 Be7 8. Qf3
Qc7 9. O-O-O h6 10. Bh4 Nbd7 11. Be2 b5 12. Bxf6 gxf6 13. a3 Bb7 14. Qh5 Nc5 15.
Bg4 Kf8 16. Rhe1 Bd8 17. Kb1 Qe7 18. Qh3 Bb6 19. e5 dxe5 20. fxe5 f5 21. Bxf5
exf5 22. Nxf5 Qg5 23. Nd5 Bxd5 24. Rxd5 Rg8 25. Rf1 Rg6 26. Nh4 Rc6 27. e6 Qxd5
28. Ng6+ Kg7 29. Qc3+ Kh7 30. Rxf7+ Kxg6 31. Qg7+ Kh5 32. g4+ Kh4 33. Qxh6+ Kxg4 1-0

[Event "7th Paleochora Open 2014"]
[Site "Paleochora GRE"]
[Date "2014.07.27"]
[Round "8.15"]
[White "Narayanan, Srinath"]
[Black "Liodakis, Konstantinos-Spyros"]
[Result "1-0"]
[WhiteTitle "IM"]
[WhiteElo "2419"]
[BlackElo "2177"]
[WhiteFideId "5018420"]
[BlackFideId "4217136"]
[EventDate "2014.07.21"]

1. e4 e6 2. d4 d5 3. Nd2 Nf6 4. e5 Nfd7 5. c3 c5 6. Bd3 Nc6 7. Ngf3 Be7 8. O-O
g5 9. dxc5 g4 10. Nd4 Ndxe5 11. Bb5 Bd7 12. N2b3 h5 13. Re1 Nxd4 14. Bxd7+ Qxd7
15. Qxd4 Ng6 16. c4 Rd8 17. Be3 Qc7 18. cxd5 Rxd5 19. Qa4+ Kf8 20. Rad1 Rxd1 21.
Rxd1 a6 22. Qd7 Qc6 23. Na5 Qe4 24. Qxb7 Qa4 25. Nb3 Bf6 26. c6 Qe4 27. Nc5 Qc2
28. Rc1 Qxb2 29. c7 Ne7 30. Nxe6+ 1-0

[Event "7th Paleochora Open 2014"]
[Site "Paleochora GRE"]
[Date "2014.07.27"]
[Round "8.16"]
[White "Tchernyi, Viktor"]
[Black "Eggleston, David J"]
[Result "1-0"]
[WhiteTitle "FM"]
[BlackTitle "IM"]
[WhiteElo "2207"]
[BlackElo "2409"]
[WhiteFideId "4127757"]
[BlackFideId "412120"]
[EventDate "2014.07.21"]

1. e4 c5 2. Nf3 d6 3. d4 Nf6 4. Nc3 cxd4 5. Nxd4 a6 6. h3 e6 7. g4 Be7 8. g5
Nfd7 9. h4 Nc6 10. Be3 Qc7 11. h5 Nce5 12. f4 Nc4 13. Bxc4 Qxc4 14. Qf3 b5 15.
g6 hxg6 16. hxg6 Rxh1+ 17. Qxh1 fxg6 18. e5 dxe5 19. fxe5 b4 20. O-O-O bxc3 21.
Qxa8 Nb6 22. Qc6+ Qxc6 23. Nxc6 cxb2+ 24. Kb1 Na4 25. Rd4 Bc5 26. Rd8+ Kf7 27.
Bxc5 Nxc5 28. Rxc8 Ne4 29. Rc7+ Kg8 30. Nd4 g5 31. Nxe6 g4 32. Rxg7+ Kh8 33.
Rxg4 1-0

[Event "7th Paleochora Open 2014"]
[Site "Paleochora GRE"]
[Date "2014.07.27"]
[Round "8.17"]
[White "Naoum, Spyridon"]
[Black "Michielsen, Joost"]
[Result "0-1"]
[BlackTitle "IM"]
[WhiteElo "2162"]
[BlackElo "2397"]
[WhiteFideId "4227506"]
[BlackFideId "1008790"]
[EventDate "2014.07.21"]

1. d4 d5 2. c4 c6 3. Nc3 Nf6 4. cxd5 cxd5 5. Bf4 Nc6 6. e3 Bg4 7. Qb3 Na5 8.
Qa4+ Bd7 9. Qc2 e6 10. Bd3 Rc8 11. Nf3 b5 12. a3 Nc4 13. O-O Be7 14. Ne5 O-O 15.
Rfc1 a6 16. b4 a5 17. Bxc4 dxc4 18. Bg5 axb4 19. axb4 Bxb4 20. Nxb5 Bxb5 21. Qb2
Qd6 22. Bxf6 c3 23. Qb3 gxf6 24. Rab1 fxe5 25. dxe5 Qxe5 26. Qxb4 Bd3 0-1

[Event "7th Paleochora Open 2014"]
[Site "Paleochora GRE"]
[Date "2014.07.27"]
[Round "8.18"]
[White "Svetushkin, Dmitry"]
[Black "Hakobyan, Aram"]
[Result "1-0"]
[WhiteTitle "GM"]
[BlackTitle "FM"]
[WhiteElo "2557"]
[BlackElo "2157"]
[WhiteFideId "13900463"]
[BlackFideId "13306677"]
[EventDate "2014.07.21"]

1. e4 c5 2. Nf3 e6 3. d3 Nc6 4. g3 g6 5. Bg2 Bg7 6. O-O Nge7 7. c3 O-O 8. Na3 b6
9. Re1 e5 10. d4 cxd4 11. cxd4 exd4 12. Nb5 Ba6 13. Nfxd4 Nxd4 14. Nxd4 Nc6 15.
Be3 Qe7 16. Qd2 Ne5 17. b3 Nd3 18. Red1 Rfe8 19. Bf1 Nc5 20. Bxa6 Nxa6 21. Rac1
Qxe4 22. Nb5 Qf3 23. b4 h5 24. a3 Re5 25. Nd4 Qb7 26. Ne2 Qf3 27. Nf4 h4 28. Bd4
hxg3 29. hxg3 Rf5 30. Bxg7 Kxg7 31. Qd4+ Kh7 32. Rd3 Qg4 33. Kg2 Kg8 34. Rh1 1-0